Assessment methodologies and management: proceedings of the World Fisheries Congress, theme 5

Saved in:
Bibliographic Details
Main Author: Sakagawa, Gary T (Author)
Format: Book
Language:Spanish
Published: Lebanon Science 1995
Subjects:
Tags: Add Tag
No Tags, Be the first to tag this record!

MARC

LEADER 00000nam a2200000 a 4500
001 UCK6465
003 CL-VaPUC
005 20221021074602.0
008 050930e19950000us 1 spa d
020 |a 188610610X 
082 0 4 |a 639.2  |b SAK  |2 21 
100 1 |a Sakagawa, Gary T  |e author  |9 620797 
245 1 0 |a Assessment methodologies and management: proceedings of the World Fisheries Congress, theme 5 
260 |a Lebanon  |b Science  |c 1995 
300 |a 195 p 
583 |a last modification  |c 20190826 09:59:51  |k Rodrigo Vera 
650 0 0 |a Recursos pesqueros  |9 255431 
650 0 0 |a Congresos  |9 257560 
650 0 0 |a Industria pesquera  |9 255432 
942 |c BK 
945 |a jcarroza  |d 20050930 00:00:00 
546 |a En Español 
536 |a World Fisheries Congress 
518 |p Computer-use workshops of the World Fisheries Congress, 1, Athens, 5-8 May 1992 
999 |c 384162  |d 384160 
952 |0 0  |1 0  |4 0  |6 639_200000000000000_SAK_1995  |7 0  |8 CCM  |9 506664  |a BIBCUR  |b BIBCUR  |d 2020-01-23  |i 4170121  |o 639.2 SAK 1995  |p 4170121  |r 2025-04-22  |w 2020-01-23  |y BK  |k CIM